GRANDE COCOMERO (IL) (Record n. 105396)

Dettagli MARC
000 -LEADER
fixed length control field 02349agaaa2200313 4500
001 - CONTROL NUMBER
control field 2808
003 - CONTROL NUMBER IDENTIFIER
control field IT-RoPAU
005 - DATE AND TIME OF LATEST TRANSACTION
control field 20220918181232.0
007 - PHYSICAL DESCRIPTION FIXED FIELD--GENERAL INFORMATION
fixed length control field d cvaizq
008 - FIXED-LENGTH DATA ELEMENTS--GENERAL INFORMATION
fixed length control field 50131s9999||||xx ||| | || ||und||
040 ## - CATALOGING SOURCE
Original cataloging agency IT-RoPAU
Transcribing agency IT-RoPAU
041 ## - LANGUAGE CODE
Language code of text/sound track or separate title ITALIANO
100 ## - MAIN ENTRY--PERSONAL NAME
Personal name Archibugi Francesca
Miscellaneous information Codice regista SPICS: 33435
9 (RLIN) 41165
130 ## - MAIN ENTRY--UNIFORM TITLE
Uniform title GRANDE COCOMERO (IL)
9 (RLIN) 41166
245 ## - TITLE STATEMENT
Title GRANDE COCOMERO (IL)
Statement of responsibility, etc. Prodotto da: Pescarolo De Lauren -- Sceneggiatura: Archibugi Francesca -- Diretto da: Archibugi Francesca
Name of part/section of a work GRANDE COCOMERO (IL) (Rif. Codice opera principale : C2808)
250 ## - EDITION STATEMENT
Edition statement Edizione Standard
260 ## - PUBLICATION, DISTRIBUTION, ETC. (IMPRINT)
Place of publication, distribution, etc. ROMA - PARIGI (ITALIA)
Name of publisher, distributor, etc. ELLEPI FILM - RAI TRE - CHRYSALIDE / Distribuzione: SKORPION VIDEO
Date of manufacture "1993 (1° ed.: 1993 ; Ed. Lingua Orig.: 1993)"
300 ## - PHYSICAL DESCRIPTION
Extent VHS
Other physical details sonoro, col.
Dimensions 105 minuti
508 ## - CREATION/PRODUCTION CREDITS NOTE
Creation/production credits note "Fotografia: Carnera Paolo; Montaggio: Missiroli Roberto; Musica: Gatto Roberto; Sceneggiatura: Archibugi Francesca; Scenografia: Borgognoni Livia; "
511 ## - PARTICIPANT OR PERFORMER NOTE
Participant or performer note "Castellitto Sergio; Galiena Anna; Fugardi Alessia; Reder Gigi; De; Razza Armando"
520 ## - SUMMARY, ETC.
Summary, etc. AL REPARTO DI NEUROPSICHIATRIA INFANTILE DEL POLICLINICO DI ROMA VIENE RICOVERATA UNA BAMBINA DI NOME VALENTINA DETTA PIPPI A SEGUITO DI UNA DELLE RICORRENTI CRISI EPILETTICHE. VIENE AFFIDATA AD UN GIOVANE PSICHIATRA DEL REAPRTO DI NOME ARTURO CHE DECIDE DI ATTUARE UNA TERAPIA SPERIMENTALE. NELL'OSPEDALE NONOSTANTE I PROBLEMI ORGANIZZATIVI DI STRUTTURA E PERSONALE PIPPI TROVA UN AMBIENTE AFFETTIVO SOPRATTUTTO CON ARTURO CHE LA INDUCE AD APRIRSI E A TENTARE ANCHE NUOVE RELAZIONI COME UN'ALTRA PICCOLA PAZIENTE DI SEI ANNI DI CUI PIPPI DIVENTA UNA TREPIDA MAESTRA. LA RIPERCUSSIONE DELLA MORTE DELLA PICCOLA AMICA SU PIPPI E' VIOLENTISSIMA E DEFINITIVA: PER DIMOSTRARE ADARTURO IL SUO DOLORE SI AUTOINDUCE UNA CRISI EPILETTICA SVELANDO COSI' IL SUO MECCANISMO EMOTIVO E DANDO LE CHIAVI DELLA SUA PERSONA E DELLA SUA GAURIGIONE. FILM DRAMMATICO A COLORI.
538 ## - SYSTEM DETAILS NOTE
System details note PAL, STEREO
546 ## - LANGUAGE NOTE
Language note ITALIANO
650 ## - SUBJECT ADDED ENTRY--TOPICAL TERM
Topical term or geographic name as entry element DRAMMATICO
Relator term FILMS [VHS]
General subdivision Codice MATERIA SPICS: 9960
9 (RLIN) 34083
700 ## - ADDED ENTRY--PERSONAL NAME
Personal name Archibugi Francesca
Relator term (regista)
Miscellaneous information Codice regista SPICS: 33435
9 (RLIN) 41167
700 ## - ADDED ENTRY--PERSONAL NAME
Personal name Archibugi Francesca
Relator term (soggetto)
Miscellaneous information Codice Soggetto SPICS: 33435
9 (RLIN) 41168
700 ## - ADDED ENTRY--PERSONAL NAME
Personal name Gatto Roberto
Relator term (musica)
Miscellaneous information Codice Musica SPICS: 33437
9 (RLIN) 41169
942 ## - ADDED ENTRY ELEMENTS (KOHA)
Koha item type VHS - VIDEO
Source of classification or shelving scheme Dewey Decimal Classification
Dati di copia
Withdrawn status Lost status Damaged status Not for loan Home library Current library Date acquired Total Checkouts Full call number Date last seen Price effective from Koha item type Public note
    Buone Condizioni Not For Loan SPICS-MEDIATECA SPICS-MEDIATECA 31/01/2015   C2808 31/01/2015 31/01/2015 VHS - VIDEO Progr. Ins.: 352 / N.Vol.:1 / Copie: 1 / Pag.:0 / Copia rara: n.d. / date import: 1.2.2015 / By Epidotti, Trombetti, Vaglietti
CREDITS: SOCIETA' SAN PAOLO Via A.Severo, 58 - ROMA (RM) & PERIODICI SAN PAOLO SRL Via Giotto, 36 MILANO & CISF Via Giotto, 36 MILANO & EDIZIONI SAN PAOLO SRL,  Piazza Soncino, 5 CINISELLO BALSAMO (MI) -- ITALY